Producción moderna de la soja
Shranjeno v:
| Main Authors: | , |
|---|---|
| Format: | Knjiga |
| Jezik: | španščina |
| Izdano: |
Buenos Aires
Centro Regional de Ayuda Técnica
1975
|
| Teme: | |
| Oznake: |
Označite
Brez oznak, prvi označite!
|
MARC
| LEADER | 00000nam a2200000 a 4500 | ||
|---|---|---|---|
| 001 | UCR4550 | ||
| 003 | CL-VaPUC | ||
| 008 | 980313e19750000AG |||||||||||||||||spa|d | ||
| 082 | 0 | 4 | |a 633.34 |b SCO |2 21 |
| 100 | 0 | |a Scott, Walter O |e author |9 404889 | |
| 700 | 0 | |a Aldrich, Samuel R |e author |9 404890 | |
| 245 | 1 | 0 | |a Producción moderna de la soja |
| 300 | |a 192 p | ||
| 942 | |c BK | ||
| 945 | |d 19980313 00:00:00 |a rleighto | ||
| 260 | |a Buenos Aires |b Centro Regional de Ayuda Técnica |c 1975 | ||
| 650 | 7 | |a SOJA |2 CL-VaPUC |9 362179 | |
| 650 | 7 | |a PLANTA DE SOJA |2 CL-VaPUC |9 404891 | |
| 650 | 0 | |a Crecimiento vegetal |9 359570 | |
| 650 | 7 | |a SEMILLA |2 CL-VaPUC |9 358433 | |
| 650 | 0 | |a Germinación |9 316434 | |
| 650 | 0 | |a Enfermedades de las plantas |9 259687 | |
| 650 | 0 | |a Siembra |9 360167 | |
| 650 | 0 | |a Control de malezas |9 259684 | |
| 650 | 0 | |a Conservación del suelo |9 363984 | |
| 650 | 0 | |a Fertilizantes |9 262833 | |
| 583 | |a last modification |c 19980313 00:00:00 |k Rodrigo Vera | ||
| 999 | |c 267482 |d 267480 | ||
| 952 | |0 0 |1 1 |2 ddc |4 0 |6 633_340000000000000_SCO_1975 |7 0 |8 P |9 299821 |a BIBAGR |b BIBAGR |d 2019-11-20 |i 3400298 |o 633.34 SCO 1975 |p 3400298 |r 2019-11-20 |w 2019-11-20 |y BK |k AGR | ||